000 00476nam a2200169 a 4500
005 20260322212054.0
008 data
096 _aWM 100 E615 1967
100 1 _aEnoch, Morgan David
245 1 0 _aSome uncommon psychiatric syndromes.
_cMorgan David Enoch, W.H. Trethowan, J.C. Barker
260 _bBristol, Wright
_cc1967
300 _a102 p.
650 0 2 _aMental Disorders
700 1 _aBarker, J.C.
_q(John Charles)
700 1 _aTrethowan, W.H.
_q(William Henry)
001 data
999 _c1277
_d1277